000 00663nam a2200181Ia 4500
008 100920s9999 xx 000 0 und d
082 _b100311
_a200 0
100 _aजोशी श्रीपाद गोविंद.
245 _aबोलक्यापरीस मुकी बरी.
260 _bमेघना सुधीर जोशी.पुणे.
_c0
300 _a128
_bसाधी
365 _b35
520 _aधार्मिक.
630 _aबोलक्यापरीस मुकी बरी.
650 _aधार्मिक.
730 _aबोलक्यापरीस मुकी बरी.
942 _cBOOK
999 _c740749
_d740746